10 Stolic (+5) #9 - Statystyki

Ogólne statystyki
  • Ten quiz został rozwiązany 28 razy
  • Średni wynik to 6 z 15
Statystyki odpowiedzi
Państwo Stolica % Poprawnych
Słowenia Lublana
100%
Bośnia i Hercegowina Sarajewo
96%
Uzbekistan Taszkent
50%
Paragwaj Asuncion
46%
Kirgistan Biszkek
42%
Tadżykistan Duszanbe
42%
Turkmenistan Aszchabad
31%
Belize Belmopan
31%
Zimbabwe Harare
31%
Malawi Lilongwe
27%
Czad N'Dżamena
27%
Fidżi Suva
23%
Bhutan Thimpu
23%
Namibia Windhuk
23%
Vanuatu Port Vila
19%
Nie znaleziono quizów pasujących do podanych kryteriów
Rozkład punktacji
Procent ludzi z każdym wynikiem
Percentyl według liczby udzielonych odpowiedzi
Twoja historia wyników
Nie rozwiązałeś tego quizu